[Event "13sen.WMH 2003 Senioren"]
[Site "Bad Zwischenahn(17.11.-29.11.2003)"]
[Date "2003.??.??"]
[Round "1.105"]
[White "Haug, Sverre"]
[Black "Szczepaniec, Stanislaw"]
[Result "0-1"]
[WhiteElo "1856"]
[BlackElo "2206"]
[PlyCount "91"]


1. d4 Nf6 2. c4 g6 3. g3 Bg7 4. Bg2 O-O 5. Nc3 d6 6. Nf3 Nc6 7. O-O Bg4 8. h3
Bxf3 9. Bxf3 Nd7 10. Bxc6 bxc6 11. e3 c5 12. Ne2 cxd4 13. exd4 e5 14. Be3 Qe7
15. Qd2 Qe6 16. Kh2 exd4 17. Nxd4 Qxc4 18. Rfc1 Qd5 19. Rxc7 Ne5 20. Qe2 Rfe8
21. Rd1 Qa5 22. Qc2 Qxa2 23. Rc1 h5 24. Qd2 d5 25. Qe2 Rab8 26. R1c2 Rb4 27. b3
Qa5 28. Rc1 Qb6 29. Kg2 Qb8 30. Qc2 Kh7 31. Qe2 Rb7 32. Qc2 Rxc7 33. Qxc7 a6
34. Qc5 Qd8 35. Qa7 Qf6 36. Bf4 Kg8 37. Qc5 Nd3 38. Qc6 Nxf4+ 39. gxf4 Re4 40.
Qxf6 Bxf6 41. Nc6 Rxf4 42. Ra1 d4 43. f3 d3 44. Ra2 Rf5 45. Rd2 Rc5 46. Nb4 0-1

[Event "13sen.WMH 2003 Senioren"]
[Site "Bad Zwischenahn(17.11.-29.11.2003)"]
[Date "2003.??.??"]
[Round "1.106"]
[White "Schubert, Hans-Joachim[36AUT]"]
[Black "Wernitz, Armin"]
[Result "1-0"]
[WhiteElo "1805"]
[BlackElo "1456"]
[PlyCount "56"]


1. e4 c6 2. c4 d5 3. cxd5 cxd5 4. exd5 Qxd5 5. Nc3 Qa5 6. Bc4 Nf6 7. Nf3 Bg4 8.
Qb3 e6 9. Qxb7 Bxf3 10. Qxf3 Qe5+ 11. Kf1 Bc5 12. Qxa8 O-O 13. Qf3 Qd4 14. d3
Nbd7 15. Be3 Qd6 16. Bxc5 Qxc5 17. Qe3 Qb4 18. Bb3 a6 19. h4 Ng4 20. Qe4 Rb8
21. Qxb4 Rxb4 22. Ke2 Nc5 23. Ne4 Nxe4 24. dxe4 Rxe4+ 25. Kf3 Nf6 26. Rae1 Rd4
27. Rd1 e5 28. Rxd4 exd4 1-0

[Event "13sen.WMH 2003 Senioren"]
[Site "Bad Zwischenahn(17.11.-29.11.2003)"]
[Date "2003.??.??"]
[Round "1.107"]
[White "Erdmann, Wolfgang"]
[Black "Fehres, Werner"]
[Result "0-1"]
[WhiteElo "1538"]
[BlackElo "1788"]
[PlyCount "204"]


1. c4 e5 2. Nc3 Nf6 3. d3 c6 4. Nf3 d6 5. g3 Be7 6. Bg2 O-O 7. O-O Na6 8. a3
Nc7 9. Rb1 Ne6 10. Bd2 Ne8 11. e4 Qc7 12. Qc1 f6 13. Be3 Nd8 14. d4 Nf7 15. Rd1
g5 16. h3 Ng7 17. Nh2 Kh8 18. d5 Bd7 19. g4 Qc8 20. Ne2 h5 21. f3 h4 22. Rd2
Ne8 23. Qd1 Kg7 24. Rc1 c5 25. Nc3 b6 26. b3 Nh8 27. a4 Ng6 28. Ne2 Nc7 29. Rb2
a5 30. Nf1 Na6 31. Nc3 Nb4 32. Na2 Na6 33. Qd2 Nb8 34. Nc3 Be8 35. Qe2 Nd7 36.
Nd2 Nf4 37. Bxf4 exf4 38. Rf1 Ne5 39. Na2 Ra7 40. Nc1 Bd8 41. Nd3 Ng6 42. Rf2
Re7 43. Qd1 Bd7 44. Nf1 Ree8 45. Rbe2 Rf7 46. Nh2 Be7 47. Qc2 Bf8 48. Qc1 Rfe7
49. Qc2 Kh6 50. Bf1 Bg7 51. Rg2 Rf8 52. Kh1 Be8 53. Qd1 Kh7 54. Qc2 Bh6 55.
Rgf2 Bf7 56. Bg2 Rfe8 57. Bf1 Nf8 58. Qd1 Bg6 59. Bg2 Kg8 60. Nc1 Rc7 61. Qd2
Qd7 62. Qb2 Bg7 63. Qd2 Bh8 64. Rf1 Qh7 65. Rfe1 Rce7 66. Qc2 Nd7 67. Nd3 Bf7
68. Kg1 f5 69. gxf5 Bd4+ 70. Kf1 Bh5 71. Ng4 Bxg4 72. fxg4 Qg7 73. Bf3 Qf6 74.
Rd1 Kf7 75. Kg2 Qg7 76. Rf1 Nf6 77. Nf2 Re5 78. Nd3 Nd7 79. Nxe5+ Qxe5 80. Qd3
Nf6 81. Rfe1 Bc3 82. Rb1 Nd7 83. Kf1 Bd4 84. Rc1 Qf6 85. Qc2 Ne5 86. Bg2 f3 87.
Bxf3 Nxf3 88. Rd1 Be5 89. Qd3 Nd4 90. Rg2 Bf4 91. Ra2 Qe5 92. Kg2 Qxe4+ 93.
Qxe4 Rxe4 94. Rd3 Bg3 95. Rb2 Be1 96. Ra2 Bb4 97. Rf2 Kf6 98. Ra2 Be1 99. Rb2
Ke5 100. Kf1 Bg3 101. Kg2 Ne2 102. Rc2 Nf4+ 0-1

[Event "13sen.WMH 2003 Senioren"]
[Site "Bad Zwischenahn(17.11.-29.11.2003)"]
[Date "2003.??.??"]
[Round "1.109"]
[White "Nopp, Josef"]
[Black "Nietsch, Horst"]
[Result "0-1"]
[WhiteElo "1638"]
[BlackElo "1987"]
[PlyCount "56"]


1. Nf3 d5 2. d4 Nf6 3. e3 g6 4. Be2 Bg7 5. O-O O-O 6. Nbd2 b6 7. b3 Bb7 8. Bb2
Nbd7 9. Rc1 e6 10. c4 Ne4 11. cxd5 exd5 12. Ba3 Re8 13. Nxe4 Rxe4 14. Nd2 Re6
15. Nb1 c6 16. Nc3 f5 17. Qd2 Qg5 18. Rc2 Nf6 19. f4 Qh4 20. Rf3 Ng4 21. h3
Rae8 22. hxg4 fxg4 23. g3 Qh5 24. Rf2 Rxe3 25. Rg2 Qh3 26. Qe1 Bxd4 27. Kf1
Qh1+ 28. Rg1 Rf3+ 0-1

[Event "13sen.WMH 2003 Senioren"]
[Site "Bad Zwischenahn(17.11.-29.11.2003)"]
[Date "2003.??.??"]
[Round "1.110"]
[White "Rychlik, Kurt"]
[Black "Rauscher, Erwin[23AUT]"]
[Result "1-0"]
[WhiteElo "1868"]
[BlackElo "1369"]
[PlyCount "31"]


1. d4 Nf6 2. c4 e6 3. Nc3 d5 4. Nf3 Be7 5. Bf4 c6 6. e3 Nbd7 7. h3 h5 8. Rc1
Nf8 9. Ne5 N6d7 10. Be2 g6 11. Nf3 g5 12. Bg3 h4 13. Bh2 Rg8 14. Nd2 Ng6 15.
cxd5 exd5 16. Nxd5 1-0

[Event "13sen.WMH 2003 Senioren"]
[Site "Bad Zwischenahn(17.11.-29.11.2003)"]
[Date "2003.??.??"]
[Round "1.111"]
[White "Grasmik, Waldemar"]
[Black "Schober, Manfred"]
[Result "0-1"]
[WhiteElo "1506"]
[BlackElo "1837"]
[PlyCount "68"]


1. d4 d5 2. e4 dxe4 3. Nc3 e5 4. d5 Nf6 5. Bg5 Bb4 6. Bc4 Nbd7 7. f3 exf3 8.
Qxf3 O-O 9. a3 e4 10. Qg3 Bd6 11. Qh4 Qe8 12. O-O-O Qe5 13. Nge2 h6 14. Bf4 Qe7
15. Bxd6 cxd6 16. Rhf1 Qe5 17. Kb1 Nb6 18. Bb3 Ng4 19. Rh1 f5 20. h3 Nf6 21.
Rhf1 Kh7 22. g4 g5 23. Qe1 f4 24. Nd4 Nbxd5 25. Bxd5 Nxd5 26. Nf3 Nxc3+ 27.
bxc3 exf3 28. Rxf3 Re8 29. Qf1 Bd7 30. Rfd3 Bc6 31. Rxd6 Qxc3 32. Qd3+ Qxd3 33.
R1xd3 Re1+ 34. Kb2 Rae8 0-1

[Event "13sen.WMH 2003 Senioren"]
[Site "Bad Zwischenahn(17.11.-29.11.2003)"]
[Date "2003.??.??"]
[Round "1.112"]
[White "Ziltener, Werner"]
[Black "Suess, Horst"]
[Result "1-0"]
[WhiteElo "1967"]
[BlackElo "1301"]
[PlyCount "47"]


1. Nf3 Nf6 2. c4 e6 3. g3 d6 4. Bg2 Be7 5. O-O O-O 6. d4 c6 7. Nc3 Nbd7 8. e4
e5 9. h3 h6 10. Be3 Qc7 11. b4 b6 12. Qb3 a5 13. a3 c5 14. bxc5 bxc5 15. dxe5
dxe5 16. Nd5 Qd6 17. Nh4 Rb8 18. Nxe7+ Qxe7 19. Qc3 Nb6 20. Nf5 Bxf5 21. exf5
Rfd8 22. Rfe1 e4 23. Bf4 Rd3 24. Qxd3 1-0

[Event "13sen.WMH 2003 Senioren"]
[Site "Bad Zwischenahn(17.11.-29.11.2003)"]
[Date "2003.??.??"]
[Round "1.113"]
[White "Iken, Meindert"]
[Black "Juergens, Peter"]
[Result "0-1"]
[WhiteElo "1476"]
[BlackElo "1835"]
[PlyCount "76"]


1. e4 e6 2. d4 d5 3. e5 c5 4. c3 Nc6 5. Nf3 Qb6 6. Qb3 cxd4 7. Qxb6 axb6 8.
cxd4 Nb4 9. Na3 Bd7 10. Bb5 Nc2+ 11. Nxc2 Bxb5 12. a4 Rxa4 13. Rxa4 Bxa4 14.
Na3 Ne7 15. O-O Nc6 16. Bd2 Be7 17. Ra1 O-O 18. Nb1 Bd1 19. Bc3 Be2 20. Nbd2 b5
21. Re1 Bd3 22. Nb3 b6 23. Nc1 Bg6 24. h3 b4 25. Bd2 Na5 26. Ne2 Nc4 27. Bg5
Bxg5 28. Nxg5 Nxb2 29. Nf4 Nd3 30. Nxd3 Bxd3 31. Rd1 Bg6 32. Rd2 Rc8 33. Rb2
Rc4 34. Ra2 Rc8 35. Rb2 h6 36. Nf3 Rc4 37. Kf1 Be4 38. Rd2 Bc2 0-1

[Event "13sen.WMH 2003 Senioren"]
[Site "Bad Zwischenahn(17.11.-29.11.2003)"]
[Date "2003.??.??"]
[Round "1.114"]
[White "Lotsov Har-Zahav, Avraham"]
[Black "Schwagrowski, Bernd"]
[Result "1-0"]
[WhiteElo "2034"]
[BlackElo "1425"]
[PlyCount "34"]


1. e4 e5 2. Nf3 d6 3. d4 Bg4 4. dxe5 Bxf3 5. Qxf3 dxe5 6. Bc4 Nf6 7. Qb3 Qd7 8.
Qxb7 Qd4 9. Qxa8 Qxe4+ 10. Qxe4 Nxe4 11. Be3 Bc5 12. Bxc5 Nxc5 13. Nc3 O-O 14.
O-O-O c6 15. Rhe1 Nbd7 16. Na4 g5 17. Nxc5 Nxc5 1-0

[Event "13sen.WMH 2003 Senioren"]
[Site "Bad Zwischenahn(17.11.-29.11.2003)"]
[Date "2003.??.??"]
[Round "1.116"]
[White "Frauenfelder, Rudolf"]
[Black "Bodinger, Karl"]
[Result "1-0"]
[WhiteElo "1926"]
[BlackElo "1394"]
[PlyCount "65"]


1. c4 e5 2. Nc3 Nf6 3. g3 g6 4. Bg2 Bg7 5. e4 c6 6. Nge2 O-O 7. O-O h5 8. d3
Nh7 9. f4 d6 10. Be3 Na6 11. Qd2 c5 12. Rab1 Nb4 13. fxe5 Bxe5 14. a3 Nc6 15.
b4 b6 16. Nd5 Nd4 17. Nxd4 cxd4 18. Bf2 a5 19. Qb2 Nf6 20. Bxd4 Ng4 21. Bxe5
Nxe5 22. Nf6+ Kg7 23. b5 Be6 24. Rf2 Rc8 25. Qc3 Qc7 26. Rbf1 Rfd8 27. h4 Qc5
28. Kh2 Qe3 29. Rf3 Qc5 30. Rf4 Qe3 31. R1f3 Qe2 32. Qd4 d5 33. Qxe5 1-0

[Event "13sen.WMH 2003 Senioren"]
[Site "Bad Zwischenahn(17.11.-29.11.2003)"]
[Date "2003.??.??"]
[Round "1.117"]
[White "Heinemann, Klaus-Detlef"]
[Black "Spurga, Josef"]
[Result "0-1"]
[WhiteElo "1415"]
[BlackElo "1854"]
[PlyCount "110"]


1. e4 c5 2. Nf3 d6 3. d4 cxd4 4. Nxd4 Nf6 5. Nc3 a6 6. Bg5 e6 7. Be2 Be7 8. O-O
O-O 9. Kh1 Nbd7 10. f4 Qc7 11. Nf3 b5 12. Bd3 Bb7 13. Qe1 Nc5 14. e5 Nxd3 15.
cxd3 Nd5 16. Ne4 dxe5 17. Rc1 Qb6 18. Nxe5 Rad8 19. Bxe7 Nxe7 20. Qg3 Bxe4 21.
dxe4 Rd2 22. h4 Rfd8 23. Qc3 Qd4 24. Qxd4 R2xd4 25. Rc7 Kf8 26. Nc6 Nxc6 27.
Rxc6 Rxe4 28. Rxa6 Rd2 29. Ra8+ Ke7 30. Kh2 Ree2 31. Rg1 Rxb2 32. Kg3 Kf6 33.
Kf3 Rf2+ 34. Kg3 h5 35. Ra5 g6 36. Ra7 Rfc2 37. Rd1 Rxg2+ 38. Kf3 Rbd2 39. Rxd2
Rxd2 40. a4 Ra2 41. Rb7 bxa4 42. Ra7 a3 43. Ke3 Rh2 44. Ke4 a2 45. Kd3 Kf5 46.
Rxf7+ Kg4 47. Ra7 Kxh4 48. Ke3 Kg3 49. Ra3 h4 50. Ke4+ Kg4 51. Ra4 h3 52. Ke5
Re2+ 53. Kf6 Kg3 54. Ra3+ Kg2 55. Kxg6 h2 0-1

[Event "13sen.WMH 2003 Senioren"]
[Site "Bad Zwischenahn(17.11.-29.11.2003)"]
[Date "2003.??.??"]
[Round "1.118"]
[White "Hirsch, Adolf,jr.[40AUT]"]
[Black "Gestrich, Wolfgang,Prof.Dr."]
[Result "1-0"]
[WhiteElo "2042"]
[BlackElo "1401"]
[PlyCount "75"]


1. Nf3 Nf6 2. g3 d5 3. Bg2 c6 4. c4 e6 5. Qc2 Be7 6. d4 h6 7. O-O O-O 8. Nbd2
Nbd7 9. e4 dxe4 10. Nxe4 Nxe4 11. Qxe4 Nf6 12. Qc2 Bd6 13. Rd1 Qe7 14. b3 a6
15. Bb2 Ba3 16. Ne5 Bxb2 17. Qxb2 Rd8 18. Rd3 Qc7 19. Rad1 Rb8 20. g4 Nd7 21.
Nf3 Nf6 22. g5 hxg5 23. Nxg5 Kf8 24. Qe2 Qe7 25. Rh3 Ke8 26. Qe5 Ra8 27. Re1
Qd6 28. Rh8+ Ke7 29. Rxd8 Qxd8 30. d5 cxd5 31. cxd5 Qd6 32. Qxd6+ Kxd6 33.
Nxf7+ Ke7 34. dxe6 Bxe6 35. Ng5 Re8 36. Rxe6+ Kd7 37. Rxe8 Nxe8 38. Bxb7 1-0

[Event "13sen.WMH 2003 Senioren"]
[Site "Bad Zwischenahn(17.11.-29.11.2003)"]
[Date "2003.??.??"]
[Round "1.120"]
[White "Jahr, Dieter,Dr."]
[Black "Till, Heinz"]
[Result "1-0"]
[WhiteElo "1895"]
[BlackElo "1363"]
[PlyCount "72"]


1. c4 Nf6 2. Nc3 b6 3. e4 Nc6 4. d4 e5 5. d5 Ne7 6. f4 exf4 7. Bxf4 d6 8. Be2
Ng6 9. Bg3 Be7 10. Nf3 Bg4 11. O-O Nh5 12. Bf2 Nhf4 13. Nd4 Nxe2+ 14. Ncxe2 Bd7
15. Bg3 Ne5 16. Bxe5 dxe5 17. Nf3 Bd6 18. Qd2 h6 19. Nc1 O-O 20. Nd3 Qe7 21. b4
c6 22. Rac1 c5 23. Qb2 f6 24. a3 b5 25. cxb5 cxb4 26. Nxb4 Bxb5 27. Nh4 Bc5+
28. Kh1 Qf7 29. Rfe1 Rac8 30. Nc6 Bxc6 31. Rxc5 Rb8 32. Qf2 Ba8 33. Rec1 a6 34.
Qc2 Rfd8 35. Qa4 Qb7 36. Nf5 Rd7 1-0

[Event "13sen.WMH 2003 Senioren"]
[Site "Bad Zwischenahn(17.11.-29.11.2003)"]
[Date "2003.??.??"]
[Round "1.121"]
[White "Buss, Richard"]
[Black "Bleher, Walter"]
[Result "0-1"]
[WhiteElo "1404"]
[BlackElo "1935"]
[PlyCount "96"]


1. e4 c5 2. Nf3 a6 3. d4 cxd4 4. Nxd4 Nf6 5. Bd3 e5 6. Nb3 Nc6 7. a3 Be7 8. Be3
d5 9. N1d2 Ng4 10. Bc5 Nf6 11. Bxe7 Qxe7 12. exd5 Nxd5 13. O-O O-O 14. Re1 Be6
15. c4 Nf4 16. Be4 Ng6 17. Qc2 Rac8 18. Rac1 Rfd8 19. Nf3 Nd4 20. Nbxd4 exd4
21. b3 Qxa3 22. Bxb7 Rb8 23. Ra1 Qb4 24. Bxa6 Qxb3 25. Qxb3 Rxb3 26. Nd2 Rb2
27. Ne4 Rc2 28. Rac1 d3 29. Red1 Ra2 30. Bb5 d2 31. Rb1 Ne5 32. c5 f5 33. Nd6
Nf7 34. Nb7 Rd4 35. Kf1 Kf8 36. Ke2 f4 37. f3 Bf5 38. c6 Bxb1 39. c7 Bf5 40.
Nc5 Nd6 41. Bd3 Bxd3+ 42. Nxd3 Rc2 43. Rxd2 Rxd2+ 44. Kxd2 Ke7 45. Ke2 Rc4 46.
Kd2 g5 47. Nb2 Rxc7 48. Nd3 Nc4+ 0-1

[Event "13sen.WMH 2003 Senioren"]
[Site "Bad Zwischenahn(17.11.-29.11.2003)"]
[Date "2003.??.??"]
[Round "1.122"]
[White "Rodemann, Edmund"]
[Black "Mueller, Hartmut Dieter"]
[Result "1-0"]
[WhiteElo "1801"]
[BlackElo "1425"]
[PlyCount "23"]


1. e4 c5 2. Nc3 Nc6 3. f4 d6 4. Bc4 e6 5. Nf3 Be7 6. O-O Qc7 7. a3 a6 8. a4 Na5
9. Ba2 Bf6 10. Qe1 Bxc3 11. dxc3 f6 12. b4 1-0

[Event "13sen.WMH 2003 Senioren"]
[Site "Bad Zwischenahn(17.11.-29.11.2003)"]
[Date "2003.??.??"]
[Round "1.123"]
[White "Hippler, Hans-Werner"]
[Black "Forselv, Edmund"]
[Result "0-1"]
[WhiteElo "1409"]
[BlackElo "2047"]
[PlyCount "130"]


1. e4 d5 2. exd5 Qxd5 3. Nc3 Qa5 4. Nf3 Nf6 5. Be2 Bf5 6. O-O e6 7. Nh4 c6 8.
Nxf5 Qxf5 9. d3 Nbd7 10. Be3 Bd6 11. Qd2 h5 12. d4 Ng4 13. h3 Nxe3 14. fxe3 Qa5
15. Ne4 Qxd2 16. Nxd2 c5 17. Bb5 f6 18. Ne4 Be7 19. Nxc5 Bxc5 20. Bxd7+ Kxd7
21. dxc5 Kc6 22. b4 Rhd8 23. Rad1 a5 24. c3 axb4 25. Rxd8 Rxd8 26. cxb4 Kb5 27.
Rb1 Rd2 28. a4+ Kxa4 29. b5 Ka5 30. Rb3 Rc2 31. c6 Kb6 32. cxb7 Kxb7 33. b6 Rc6
34. Kf2 Rxb6 35. Ra3 g5 36. Ra4 Kc6 37. Ra8 Kd5 38. Kf3 Rb5 39. Ra4 f5 40. g4
hxg4+ 41. hxg4 Rc5 42. Rb4 Ke5 43. Rb3 Rc4 44. Rb5+ Kf6 45. gxf5 exf5 46. Rb6+
Ke5 47. Rb5+ Ke6 48. Rb6+ Kd5 49. Rb5+ Rc5 50. Rb4 Ke5 51. Rb8 g4+ 52. Kg3 Ke4
53. Re8+ Re5 54. Ra8 Kxe3 55. Ra3+ Ke2 56. Kf4 Rd5 57. Rc3 Kf2 58. Ra3 Rd4+ 59.
Kxf5 g3 60. Ra2+ Kg1 61. Ke5 Rb4 62. Ra8 g2 63. Kd5 Rh4 64. Ke5 Kh1 65. Ra1+
g1=Q 0-1

[Event "13sen.WMH 2003 Senioren"]
[Site "Bad Zwischenahn(17.11.-29.11.2003)"]
[Date "2003.??.??"]
[Round "1.124"]
[White "Neumann, Horst[38Koblenz]"]
[Black "Samarian, Cornel"]
[Result "1-0"]
[WhiteElo "1864"]
[BlackElo "1592"]
[PlyCount "89"]


1. d4 Nf6 2. Nf3 d5 3. Bg5 h6 4. Bh4 Nc6 5. e3 Bg4 6. Nbd2 e6 7. Be2 Be7 8. Rc1
O-O 9. O-O a6 10. c4 dxc4 11. Bxc4 Rc8 12. Bxa6 bxa6 13. Rxc6 a5 14. Qa4 Bxf3
15. Nxf3 Ra8 16. Rfc1 Ne8 17. Bxe7 Qxe7 18. R6c5 Ra7 19. Ne5 c6 20. Nxc6 Qd7
21. Rxa5 Rxa5 22. Qxa5 Qb7 23. b4 Nf6 24. Qa7 Qxa7 25. Nxa7 Nd5 26. b5 Nb6 27.
Rc7 Rb8 28. Kf1 g6 29. Ke1 Kg7 30. Kd2 Nd5 31. Rc4 Rb7 32. Ra4 Nb6 33. Ra6 Kf8
34. Kd3 Ke8 35. e4 Kd7 36. Nc6 Nc8 37. a4 h5 38. Ne5+ Ke7 39. Nc4 Kd7 40. Ra8
Ra7 41. Rxa7+ Nxa7 42. f4 f6 43. h4 Ke7 44. d5 Kd7 45. b6 1-0

[Event "13sen.WMH 2003 Senioren"]
[Site "Bad Zwischenahn(17.11.-29.11.2003)"]
[Date "2003.??.??"]
[Round "1.125"]
[White "Bromberger, Guenter"]
[Black "Gudat, Alfons"]
[Result "1/2-1/2"]
[WhiteElo "1413"]
[BlackElo "1986"]
[PlyCount "50"]


1. d4 Nf6 2. c4 c5 3. d5 b5 4. b3 g6 5. Bb2 Bg7 6. g3 O-O 7. Bg2 bxc4 8. bxc4
d6 9. Nf3 Nbd7 10. O-O Nb6 11. Nbd2 Bd7 12. Qc1 Na4 13. Rb1 Bf5 14. e4 Nxe4 15.
Bxg7 Nxd2 16. Nxd2 Bxb1 17. Bxf8 Bd3 18. Bh6 Bxf1 19. Bxf1 Rb8 20. Nb3 Qd7 21.
Qa1 f6 22. Bd2 Nb6 23. Bc3 Qf5 24. Qd1 Na4 25. Ba1 Nb6 1/2-1/2

[Event "13sen.WMH 2003 Senioren"]
[Site "Bad Zwischenahn(17.11.-29.11.2003)"]
[Date "2003.??.??"]
[Round "1.126"]
[White "Josting, Friedel"]
[Black "Girod, Gudrun"]
[Result "1-0"]
[WhiteElo "1866"]
[BlackElo "1398"]
[PlyCount "60"]


1. c4 c5 2. Nc3 Nc6 3. g3 e6 4. Bg2 Nf6 5. d3 d6 6. Nf3 h6 7. Bd2 Bd7 8. a3 Rb8
9. Rb1 Be7 10. O-O O-O 11. b4 e5 12. Rb2 Nd4 13. bxc5 Nxf3+ 14. Bxf3 dxc5 15.
Rxb7 Rxb7 16. Bxb7 Qc7 17. Bg2 Rb8 18. Qc2 a6 19. e4 Bc6 20. Re1 Nh7 21. Nd5
Bxd5 22. exd5 Bd6 23. Bc3 f6 24. h4 g5 25. hxg5 hxg5 26. Be4 g4 27. Bf5 Qg7 28.
Qe2 Kf8 29. Kg2 Ke7 30. Bxh7 Rh8 1-0

[Event "13sen.WMH 2003 Senioren"]
[Site "Bad Zwischenahn(17.11.-29.11.2003)"]
[Date "2003.??.??"]
[Round "1.127"]
[White "Reimann, Wolfgang"]
[Black "Trifunovic, Dusan"]
[Result "0-1"]
[WhiteElo "1350"]
[BlackElo "1869"]
[PlyCount "68"]


1. d4 d5 2. Nf3 Nc6 3. g3 Bg4 4. Bg2 e6 5. O-O Nf6 6. Bg5 h6 7. Bxf6 Qxf6 8. e3
g5 9. c3 O-O-O 10. Nbd2 Kb8 11. Qc2 h5 12. h3 Bf5 13. e4 dxe4 14. Nxe4 Qg6 15.
Ne5 Nxe5 16. dxe5 Rd5 17. Rad1 c6 18. f4 gxf4 19. gxf4 Rg8 20. Kh2 Qxg2+ 21.
Qxg2 Rxg2+ 22. Kxg2 Bxe4+ 23. Kg3 Be7 24. Rfe1 Bf5 25. c4 Rxd1 26. Rxd1 Kc7 27.
a3 a5 28. Rg1 a4 29. Kh2 Bg6 30. Rg3 Kb6 31. Rc3 Bc5 32. Kg3 Bd4 33. Rf3 Bxb2
34. Kh4 Kc5 0-1

[Event "13sen.WMH 2003 Senioren"]
[Site "Bad Zwischenahn(17.11.-29.11.2003)"]
[Date "2003.11.29"]
[Round "2.128"]
[White "Bosbach, Manfred"]
[Black "Bolduan, Albrecht"]
[Result "1-0"]
[WhiteElo "1766"]
[BlackElo "1368"]
[PlyCount "59"]


1. e4 e6 2. d4 d5 3. Nc3 Bb4 4. e5 c5 5. a3 Qa5 6. Bd2 Bxc3 7. Bxc3 Qb6 8. Qg4
g6 9. dxc5 Qxc5 10. Bd3 Nc6 11. Ne2 Nh6 12. Qf4 Nf5 13. g4 d4 14. Bd2 Nfe7 15.
Qf6 Qxe5 16. Qxe5 Nxe5 17. Bb5+ Bd7 18. Bxd7+ Kxd7 19. Nxd4 Nxg4 20. h3 Ne5 21.
O-O-O Rhd8 22. Nb5 Nf3 23. Ba5+ Ke8 24. Bxd8 Rxd8 25. Nc7+ Kf8 26. Rxd8+ Kg7
27. Rd7 Nc6 28. Nxe6+ Kf6 29. Nd8 Nce5 30. Rxb7 1-0

[Event "13sen.WMH 2003 Senioren"]
[Site "Bad Zwischenahn(17.11.-29.11.2003)"]
[Date "2003.11.29"]
[Round "2.129"]
[White "Krause, Armin"]
[Black "Langer, Wolfgang[39Leipz]"]
[Result "0-1"]
[WhiteElo "1309"]
[BlackElo "1800"]
[PlyCount "118"]


1. e4 d6 2. Nc3 g6 3. Bc4 Bg7 4. d4 Nf6 5. Nf3 c6 6. a4 O-O 7. Be3 Ng4 8. Qd2
Nxe3 9. Qxe3 Bg4 10. Ne2 Bxf3 11. Qxf3 Qa5+ 12. c3 Nd7 13. b4 Qc7 14. O-O e5
15. Rad1 Rab8 16. a5 b6 17. a6 b5 18. Bb3 Rb6 19. Ra1 Qc8 20. Qg4 Qd8 21. Rfd1
Qe7 22. Rd3 exd4 23. cxd4 Nf6 24. Qf3 Qxe4 25. Qxe4 Nxe4 26. Ra3 d5 27. f3 Nd6
28. Bc2 Nc4 29. Ra2 Re8 30. Kf2 Bf8 31. Rb3 Rbb8 32. Bd1 Bh6 33. f4 Re7 34. g3
Rbe8 35. Rc3 Bg7 36. Rcc2 Re4 37. Kf3 Bxd4 38. Nxd4 Rxd4 39. Be2 Re3+ 40. Kf2
Rb3 41. Bxc4 Rxc4 42. Rxc4 bxc4 43. Ra5 Rxb4 44. Rc5 Rb6 45. Ra5 Rb5 46. Ra4
Rc5 47. Ke1 Kf8 48. Kd1 Ke7 49. Rb4 Rb5 50. Ra4 Kd6 51. Kc2 Kc5 52. Ra1 d4 53.
Re1 Ra5 54. Re5+ Kb4 55. Re7 d3+ 56. Kb1 Rxa6 57. Rb7+ Kc3 58. Rb2 Rb6 59. Rxb6
axb6 0-1

[Event "13sen.WMH 2003 Senioren"]
[Site "Bad Zwischenahn(17.11.-29.11.2003)"]
[Date "2003.11.29"]
[Round "2.130"]
[White "Farin, Friedrich"]
[Black "Grabara, Manfred"]
[Result "0-1"]
[WhiteElo "1393"]
[BlackElo "1741"]
[PlyCount "74"]


1. d4 f5 2. Nc3 Nf6 3. Bg5 e6 4. e4 fxe4 5. Nxe4 Be7 6. Bxf6 Bxf6 7. Nf3 O-O 8.
c3 b6 9. Bd3 Bb7 10. Qc2 g6 11. O-O-O a5 12. g4 Bg7 13. h4 Rxf3 14. h5 g5 15.
h6 Bf6 16. Nxf6+ Rxf6 17. Bxh7+ Kh8 18. Rh5 Qe7 19. Bg6 Rf4 20. Re1 Na6 21. Bf5
Qf6 22. Re5 exf5 23. gxf5 Rf8 24. Qd2 Be4 25. Qe3 Bxf5 26. Re8 Bg6 27. Rxf8+
Qxf8 28. Qe5+ Qf6 29. Qxf6+ Rxf6 30. Rxg5 Kh7 31. Rg2 Kxh6 32. a4 Be4 33. Rh2+
Kg7 34. Kd2 c6 35. Ke3 Bc2 36. Rh4 Bxa4 37. d5 Bb3 0-1

[Event "13sen.WMH 2003 Senioren"]
[Site "Bad Zwischenahn(17.11.-29.11.2003)"]
[Date "2003.11.29"]
[Round "2.131"]
[White "Groener, Marga"]
[Black "Merettig, Georg"]
[Result "0-1"]
[WhiteElo "1283"]
[BlackElo "1816"]
[PlyCount "48"]


1. d4 Nf6 2. Nf3 b6 3. h3 Bb7 4. e3 d5 5. c4 e6 6. Nc3 Nbd7 7. cxd5 exd5 8. Be2
Bd6 9. O-O c5 10. Nb5 Bb8 11. b3 O-O 12. Bb2 Ne4 13. Rc1 a6 14. Nc3 f5 15. dxc5
Ndxc5 16. Ba3 Nxc3 17. Rxc3 Ne4 18. Rc2 Re8 19. Qd4 f4 20. Bb2 Nf6 21. exf4 Re4
22. Qc3 Bxf4 23. Bd3 Rc8 24. Qb4 Rxb4 0-1

[Event "13sen.WMH 2003 Senioren"]
[Site "Bad Zwischenahn(17.11.-29.11.2003)"]
[Date "2003.11.29"]
[Round "2.132"]
[White "Wanner, Georges"]
[Black "Luebbers, Doris,Dr."]
[Result "1-0"]
[WhiteElo "1680"]
[BlackElo "1308"]
[PlyCount "65"]


1. e4 e5 2. Bc4 Nf6 3. d3 Be7 4. Nf3 d6 5. O-O O-O 6. Nc3 a6 7. a4 b6 8. Nd5
Bb7 9. Nxe7+ Qxe7 10. Bg5 Nbd7 11. Nh4 Qe8 12. Qf3 Kh8 13. Nf5 h6 14. Qh3 Nh7
15. Bd2 Ndf6 16. Qg3 Rg8 17. Nh4 Bc8 18. Bxf7 Qxf7 19. Ng6+ Qxg6 20. Qxg6 Be6
21. f4 exf4 22. Rxf4 Raf8 23. Raf1 Bf7 24. Qf5 g5 25. R4f3 Bg6 26. Qe6 Re8 27.
Qc4 Bh5 28. Rxf6 Nxf6 29. Bc3 Kh7 30. Rxf6 Re7 31. Rxh6+ Kxh6 32. Qxg8 Rh7 33.
Qf8+ 1-0

[Event "13sen.WMH 2003 Senioren"]
[Site "Bad Zwischenahn(17.11.-29.11.2003)"]
[Date "2003.11.29"]
[Round "2.133"]
[White "Oser, Thor"]
[Black "Polk, Maria"]
[Result "1-0"]
[WhiteElo "1722"]
[BlackElo "1223"]
[PlyCount "93"]


1. e4 c5 2. g3 Nc6 3. Bg2 e6 4. Nc3 a6 5. d3 h6 6. f4 Nf6 7. e5 Ng8 8. Ne4 d5
9. exd6 Bxd6 10. Be3 Nd4 11. c3 Nf5 12. Bf2 Rb8 13. Nxc5 b6 14. Bc6+ Ke7 15.
Nb3 Qc7 16. Bg2 Bb7 17. Bxb7 Qxb7 18. Qf3 g6 19. Qxb7+ Rxb7 20. Nf3 h5 21. Nbd2
Nf6 22. Ne4 Ng4 23. Nxd6 Kxd6 24. h3 Nxf2 25. Kxf2 Kc5 26. b3 a5 27. g4 hxg4
28. hxg4 Rxh1 29. Rxh1 Ne7 30. d4+ Kc6 31. Ne5+ Kb5 32. Rh7 f5 33. Nxg6 fxg4
34. Rxe7 Rxe7 35. Nxe7 Ka6 36. Kg3 Kb7 37. Kxg4 Kc7 38. Kf3 Kd6 39. Ng8 Kd7 40.
Ke4 Kd6 41. a4 Kc6 42. Ke5 Kd7 43. c4 Ke8 44. Kxe6 b5 45. axb5 Kf8 46. Nf6 a4
47. bxa4 1-0

[Event "13sen.WMH 2003 Senioren"]
[Site "Bad Zwischenahn(17.11.-29.11.2003)"]
[Date "2003.11.29"]
[Round "2.134"]
[White "Kuhnert, Werner"]
[Black "Becker, Guenter[40Steinb]"]
[Result "0-1"]
[WhiteElo "1290"]
[BlackElo "1669"]
[PlyCount "138"]


1. d4 c5 2. c3 d5 3. Nf3 Nf6 4. e3 Nc6 5. Nbd2 Bg4 6. Be2 Qc7 7. a3 e5 8. dxe5
Nxe5 9. Nxe5 Bxe2 10. Qxe2 Qxe5 11. Qb5+ Nd7 12. Nf3 Qc7 13. O-O a6 14. Qe2 Nf6
15. c4 Rd8 16. b3 Be7 17. Bb2 O-O 18. Be5 Qb6 19. Qc2 h6 20. Nd2 Ng4 21. Bg3
Bf6 22. Rab1 d4 23. Qf5 Qe6 24. e4 Qxf5 25. exf5 Be5 26. Bxe5 Nxe5 27. Rfe1
Rfe8 28. Kf1 Nd3 29. Red1 Nf4 30. Re1 b5 31. Rxe8+ Rxe8 32. Re1 Rxe1+ 33. Kxe1
Nxg2+ 34. Kd1 Nh4 35. Ne4 bxc4 36. Nxc5 cxb3 37. Nxb3 Nxf5 38. a4 Kf8 39. Nc5
Ke7 40. Nxa6 Kd6 41. Kd2 Kc6 42. Kd3 Kb6 43. Nb4 Ka5 44. Nc6+ Kxa4 45. Nxd4 Nd6
46. Nf3 Kb5 47. Kd4 f5 48. Ne5 g5 49. f3 f4 50. Kd5 Nf7 51. Nxf7 g4 52. fxg4 f3
53. Nxh6 f2 54. h4 f1=Q 55. Ke5 Kc6 56. Nf5 Kd7 57. Kf6 Ke8 58. Kg5 Qc1+ 59.
Kg6 Qc6+ 60. Kg5 Kf7 61. Nh6+ Kf8 62. Nf5 Qd5 63. h5 Qg8+ 64. Kh4 Qh7 65. Kg5
Kf7 66. Nd6+ Ke6 67. Nf5 Qg8+ 68. Kf4 Kf6 69. Ke4 Qxg4+ 0-1